Vytvárať dobré zázemie budúcnosti

Prezidentka Slovenskej poisťovne Ing. Edita Bukovská o dosiahnutých hospodárskych výsledkoch akciovej spoločnosti v r. 1993-1996 a plánovaných zámeroch.

Saved in:
Bibliographic Details
Main Author: Bukovská, E.
Other Authors: Herzogová, Emília
Format: Book Chapter
Language:Slovak
Subjects:
Tags: Add Tag
No Tags, Be the first to tag this record!

MARC

LEADER 00000naa a2200000 4500
001 r025792
005 20230824085342.3
041 0 |a slo 
044 |a SK 
245 1 0 |a Vytvárať dobré zázemie budúcnosti  |c E. Bukovská, E. Herzogová 
520 |a Prezidentka Slovenskej poisťovne Ing. Edita Bukovská o dosiahnutých hospodárskych výsledkoch akciovej spoločnosti v r. 1993-1996 a plánovaných zámeroch. 
610 2 0 |a Slovensko 
610 2 0 |a 1993-1996 
610 2 0 |a poisťovníctvo 
610 2 0 |a Slovenská poisťovňa, a.s. Bratislava 
610 2 0 |a výsledok hospodársky 
100 1 |a Bukovská, E. 
700 1 |a Herzogová, Emília